Informe de Práctica Supervisada realizado en el Laboratorio Dental Ebenezer (Registro nro. 6850)
[ vista simple ]
| 000 -LEADER | |
|---|---|
| fixed length control field | 00470nmm a22001697a 4500 |
| 005 - DATE AND TIME OF LATEST TRANSACTION | |
| control field | 20170210133422.0 |
| 008 - FIXED-LENGTH DATA ELEMENTS--GENERAL INFORMATION | |
| fixed length control field | 150728b xxu||||| |||| 00| 0 spa d |
| 041 ## - LANGUAGE CODE | |
| Language code of text/sound track or separate title | spa |
| 082 ## - DEWEY DECIMAL CLASSIFICATION NUMBER | |
| Classification number | MD 157 |
| 100 ## - MAIN ENTRY--AUTHOR NAME | |
| Personal name | Matarrita Esquivel, Luis |
| 245 ## - TITLE STATEMENT | |
| Title | Informe de Práctica Supervisada realizado en el Laboratorio Dental Ebenezer |
| 260 ## - PUBLICATION, DISTRIBUTION, ETC. (IMPRINT) | |
| Year of publication | 2013 |
| 650 ## - SUBJECT ADDED ENTRY--TOPICAL TERM | |
| Topical Term | COSTA RICA |
| 650 ## - SUBJECT ADDED ENTRY--TOPICAL TERM | |
| Topical Term | PRÓTESIS PARCIAL |
| 650 ## - SUBJECT ADDED ENTRY--TOPICAL TERM | |
| Topical Term | CROMO COBALTO |
| 942 ## - ADDED ENTRY ELEMENTS (KOHA) | |
| Tipo de ítem | Informe de Práctica |
| Withdrawn status | Estado | Estado físico | Not for loan | Total Checkouts | Clasificación | Número de inscripción | Date last seen | Price effective from | Tipo de ítem |
|---|---|---|---|---|---|---|---|---|---|
| MD 157 | MD157 | 08/06/2016 | 08/06/2016 | Informe de Práctica |